[Event "Challenge"]
[Site "http://www.queenalice.com/game.php?id=491166"]
[Date "2008.11.10"]
[Round "-"]
[White "ad3llq101"]
[Black "dtrainey"]
[Result "1-0"]
[WhiteElo "1566"]
[BlackElo "1564"]

1. d4 d5 2. c4 b6 3. cxd5 Qxd5 4. Nc3 Qa5 5. d5 e5 6. dxe6 Bxe6 7. Bd2 Nc6 8. e3
Bb4 9. a3 Bxc3 10. Bxc3 Qd5 11. Bxg7 1-0

[Event "iNTERMEDIATE LEVEL!!"]
[Site "http://www.queenalice.com/game.php?id=498399"]
[Date "2008.11.26"]
[Round "-"]
[White "Aleqza"]
[Black "ad3llq101"]
[Result "1-0"]
[WhiteElo "1537"]
[BlackElo "1628"]

1. d4 d5 2. Nc3 Nf6 3. Bf4 Bf5 4. Nb5 Na6 5. Qd2 c6 6. Na3 e6 7. e3 h6 8. Be2 g5
9. Be5 Bg7 10. Bxf6 Bxf6 11. Bd3 Bxd3 12. Qxd3 Be7 13. Nf3 f6 14. O-O Nb4 15.
Qg6+ Kf8 16. c3 Na6 17. c4 dxc4 18. Nxc4 b5 19. Ncd2 h5 20. Ne4 f5 21. Nexg5
Bxg5 22. Nxg5 Nc7 23. Nh7+ Ke7 24. Ng5 Qf8 25. h4 Rh6 26. Qf7+ Qxf7 27. Nxf7
Kxf7 28. Rac1 b4 29. Rxc6 a5 30. Rxc7+ Kf6 31. d5 exd5 32. Rc6+ Kg7 33. Rxh6
Kxh6 34. Rd1 Rd8 35. Rc1 a4 36. a3 bxa3 37. bxa3 d4 38. Rd1 d3 39. Kf1 Kg6 40.
f4 Kf6 41. Ke1 Ke6 42. g3 Rd5 43. Kd2 Kf6 44. Rc1 Ke6 45. Rc4 Kd6 46. Rd4 Rxd4
47. exd4 Kd5 48. Kxd3 Kd6 49. Kc4 Ke6 50. Kc5 Kd7 51. Kd5 Ke7 52. Ke5 Kd7 53. d5
1-0

[Event "AUTO-INT-1116"]
[Site "http://www.queenalice.com/game.php?id=498667"]
[Date "2008.11.26"]
[Round "1"]
[White "andydede"]
[Black "ad3llq101"]
[Result "0-1"]
[WhiteElo "1627"]
[BlackElo "1625"]

1. e4 e6 2. e5 d6 3. Nf3 Nc6 4. d4 dxe5 5. c3 exd4 6. cxd4 f6 7. Nc3 e5 8. dxe5
fxe5 9. Bg5 Be7 10. Nd5 Bxg5 11. Nxg5 Nge7 12. Bc4 Nxd5 13. Bxd5 Qxg5 14. Qf3
Rf8 15. h4 Qe7 16. Bxc6+ bxc6 17. Qxc6+ Kf7 18. Qxa8 Qb4+ 19. Kd1 Bg4+ 20. Qf3+
Bxf3+ 21. gxf3 Rd8+ 22. Kc2 Qd2+ 23. Kb1 Qxf2 24. a3 Qxf3 25. Rc1 e4 26. Ka2 e3
27. Rf1 Qxf1 28. Rxf1+ Kg8 29. h5 e2 30. Rg1 Rd1 31. Rg4 e1=Q 32. h6 Qe6+ 0-1

[Event "AUTO-INT-1116"]
[Site "http://www.queenalice.com/game.php?id=498668"]
[Date "2008.11.26"]
[Round "1"]
[White "ad3llq101"]
[Black "andydede"]
[Result "1-0"]
[WhiteElo "1588"]
[BlackElo "1675"]

1. d4 d5 2. Nc3 Nf6 3. f3 Qd6 4. e4 Qe6 5. Qe2 dxe4 6. fxe4 c6 7. Nf3 h5 8. Bf4
b5 9. d5 Qg4 10. dxc6 Nxc6 11. Qxb5 Bd7 12. Nd5 Rc8 13. O-O-O e6 14. Nc7+ Rxc7
15. Bxc7 Ne7 16. Rxd7 Nxd7 17. Ne5 Qf4+ 18. Kb1 f6 19. Qxd7# 1-0

[Event "AUTO-INT-1116"]
[Site "http://www.queenalice.com/game.php?id=498683"]
[Date "2008.11.26"]
[Round "1"]
[White "ad3llq101"]
[Black "Attia"]
[Result "1-0"]
[WhiteElo "1613"]
[BlackElo "1447"]

1. d4 d5 2. Nc3 Nf6 3. Bg5 e6 4. e4 Be7 5. e5 Ne4 6. Bxe7 Qxe7 7. Nxe4 dxe4 8.
Qe2 O-O 9. Qxe4 Nc6 10. Bd3 g6 11. h4 Nb4 12. Nf3 Nxd3+ 13. cxd3 Qb4+ 14. Nd2
Qxb2 15. Ke2 Rb8 16. Rhb1 Qa3 17. g4 b6 18. Nc4 Qc3 19. Rc1 Qb4 20. a3 Qe7 21.
h5 Bb7 22. Qe3 a5 23. a4 Qh4 24. hxg6 fxg6 25. f3 Rxf3 26. Qg1 Rbf8 27. Rf1 Qh3
28. Rxf3 Bxf3+ 29. Kd2 Bxg4 30. Ne3 Bh5 31. Kc3 Rf3 32. Re1 Rg3 33. Qf2 Rf3 34.
Qd2 g5 35. d5 exd5 36. Nxd5 c6 37. Nxb6 g4 38. Qg5+ Bg6 39. e6 Rxd3+ 40. Kc2
Rd5+ 41. Qxg6+ hxg6 42. Nxd5 Qg2+ 43. Kc1 Qxd5 44. e7 Kf7 45. e8=Q+ Kf6 46. Qe7+
Kf5 47. Rf1+ 1-0

[Event "AUTO-INT-1116"]
[Site "http://www.queenalice.com/game.php?id=498684"]
[Date "2008.11.26"]
[Round "1"]
[White "Attia"]
[Black "ad3llq101"]
[Result "0-1"]
[WhiteElo "1447"]
[BlackElo "1644"]

1. e4 e6 2. Nf3 d5 3. d3 Nf6 4. e5 Ng4 5. h3 Nh6 6. Nc3 f6 7. Be2 fxe5 8. Nxe5
Nc6 9. Nxc6 bxc6 10. Bxh6 gxh6 11. Bh5+ Ke7 12. O-O Bg7 13. Qg4 Bf6 14. Rfe1 e5
15. Qb4+ Qd6 16. Qxd6+ cxd6 17. a4 Be6 18. b4 c5 19. bxc5 dxc5 20. Rab1 d4 21.
Rb7+ Kd8 22. Reb1 Bc8 23. Rb8 Rxb8 24. Rxb8 Kc7 25. Rb5 Bd7 26. Rxc5+ Kd6 27.
Rc4 dxc3 28. Rxc3 Bxa4 29. Ra3 Bxc2 30. Rxa7 Bxd3 31. Bg4 Rd8 32. Rf7 Bg5 33. g3
h5 34. Bf5 Bxf5 35. Rxf5 h6 36. h4 Ke6 37. Rf3 Bf6 38. Rb3 Rd1+ 39. Kg2 e4 40.
Rb6+ Kf5 41. Rb5+ Kg6 42. Rb4 Rd4 43. Rxd4 Bxd4 44. Kf1 Kf5 45. Ke2 Kg4 46. Kf1
e3 47. fxe3 Bxe3 48. Kg2 Bc5 49. Kh2 Bf2 50. Kg2 Bxg3 0-1

[Event "Challenge"]
[Site "http://www.queenalice.com/game.php?id=499662"]
[Date "2008.11.28"]
[Round "-"]
[White "ad3llq101"]
[Black "dtrainey"]
[Result "0-1"]
[WhiteElo "1645"]
[BlackElo "1623"]

1. d4 d5 2. Nc3 h6 3. f3 Nc6 4. e4 e5 5. dxe5 Nxe5 6. Nxd5 c6 7. Bf4 cxd5 8.
Bxe5 dxe4 9. fxe4 Qa5+ 10. Bc3 Qc7 11. Nf3 Bg4 12. h3 Bxf3 13. gxf3 Qg3+ 14. Kd2
Qf2+ 15. Kc1 Qe3+ 16. Bd2 Qb6 17. Be3 Qxe3+ 18. Kb1 a6 19. b4 Rd8 20. Qe2 Qxe2
21. Bxe2 b5 22. a3 Bd6 23. Ra2 Ne7 24. c3 Ng6 25. Rf1 Be5 26. Kc2 Nf4 27. Re1
O-O 28. h4 Ng2 29. Rh1 Ne3+ 30. Kb3 Rc8 31. a4 Rxc3+ 32. Kb2 Rc2+ 33. Kb1 Rxa2
0-1

[Event "Let's Play Chess!"]
[Site "http://www.queenalice.com/game.php?id=499664"]
[Date "2008.11.28"]
[Round "-"]
[White "Pravitel"]
[Black "ad3llq101"]
[Result "1-0"]
[WhiteElo "1519"]
[BlackElo "1653"]

1. d4 d5 2. c4 e6 3. Nc3 Nf6 4. Bf4 dxc4 5. e3 Nc6 6. Bxc4 Bb4 7. Nf3 Bxc3+ 8.
bxc3 a6 9. O-O b5 10. Bd3 Bb7 11. a4 bxa4 12. e4 Nd7 13. Qxa4 g6 14. Rab1 Rb8
15. Bxa6 Bxa6 16. Qxa6 Rxb1 17. Rxb1 f6 18. Qxc6 Ke7 19. Qxc7 1-0

[Event "AUTO-INT-1192"]
[Site "http://www.queenalice.com/game.php?id=535010"]
[Date "2009.2.4"]
[Round "1"]
[White "ad3llq101"]
[Black "Mars"]
[Result "0-1"]
[WhiteElo "1610"]
[BlackElo "1786"]

1. d4 d5 2. c4 e6 3. Nc3 Bb4 4. Nf3 Nc6 5. e3 Nf6 6. Bd3 Qe7 7. a3 Bxc3+ 8. bxc3
Bd7 9. cxd5 exd5 10. c4 O-O-O 11. cxd5 Nxd5 12. e4 Nc3 13. Qb3 Nxe4 14. Bxe4
Qxe4+ 15. Be3 b6 16. Qxf7 g6 17. Ng5 Qxg2 18. Rf1 Bh3 19. Nxh3 Qxh3 20. d5 Ne5
21. Qf4 Nd3+ 22. Ke2 Nxf4+ 23. Bxf4 Rhe8+ 24. Kd1 Qxf1+ 0-1

[Event "AUTO-INT-1192"]
[Site "http://www.queenalice.com/game.php?id=535011"]
[Date "2009.2.4"]
[Round "1"]
[White "Mars"]
[Black "ad3llq101"]
[Result "1-0"]
[WhiteElo "1795"]
[BlackElo "1601"]

1. d4 Nf6 2. Nc3 d5 3. Bg5 Nbd7 4. e3 e6 5. a3 c5 6. Bb5 Be7 7. dxc5 Bxc5 8.
Bxf6 Qxf6 9. Nf3 e5 10. Nxd5 Qf5 11. Nc7+ Kd8 12. Nxa8 e4 13. Nh4 Qe5 14. O-O g5
15. b4 Bb6 16. c4 gxh4 17. Qg4 f5 18. Qxh4+ Nf6 19. Rad1+ Ke7 20. Nxb6 axb6 21.
Rc1 Be6 22. c5 bxc5 23. Rxc5 Bd5 24. Rd1 Ke6 25. Qh6 b6 26. Rdxd5 Qa1+ 27. Bf1
bxc5 28. Rxc5 Rd8 29. g3 Rd1 30. Rc6+ Ke7 31. Qg7+ Ke8 32. Re6+ Kd8 33. Qe7+ Kc8
34. Rc6+ Kb8 35. Qc7+ Ka8 36. Ra6# 1-0

[Event "AUTO-INT-1192"]
[Site "http://www.queenalice.com/game.php?id=535012"]
[Date "2009.2.4"]
[Round "1"]
[White "ad3llq101"]
[Black "dlabedz"]
[Result "0-1"]
[WhiteElo "1564"]
[BlackElo "1408"]

1. d4 d5 2. Nc3 Nf6 3. Bg5 h6 4. Bxf6 gxf6 5. f3 Nc6 6. e4 e5 7. exd5 Na5 8.
dxe5 fxe5 9. Bb5+ c6 10. dxc6 bxc6 11. b4 Bb7 12. bxa5 cxb5 0-1

[Event "AUTO-INT-1192"]
[Site "http://www.queenalice.com/game.php?id=535013"]
[Date "2009.2.4"]
[Round "1"]
[White "dlabedz"]
[Black "ad3llq101"]
[Result "1-0"]
[WhiteElo "1430"]
[BlackElo "1542"]

1. d4 Nf6 2. d5 c6 3. c4 cxd5 4. c5 e5 5. Nc3 Bxc5 6. f3 d4 7. Ne4 d5 8. Nxc5
Qa5+ 9. Bd2 Qxc5 10. a3 e4 11. b4 Qc7 12. fxe4 dxe4 13. e3 1-0